[Event "14th HZ Open"]
[Site "Vlissingen NED"]
[Date "2010.08.07"]
[Round "1"]
[White "Maas,Joop"]
[Black "Ten Hagen,Y"]
[Result "1/2-1/2"]
[WhiteElo "1836"]
[BlackElo "2227"]
[EventDate "2010.08.07"]

1. d4 Nf6 2. Nf3 e6 3. Bg5 c5 4. e3 Nc6 5. c3 b6 6. Bd3 Bb7 7. Nbd2 Be7 8.
O-O O-O 9. Re1 h6 10. Bh4 d6 11. Qe2 Re8 12. Rad1 Qc8 13. e4 e5 14. dxe5
dxe5 15. Nc4 Qe6 16. Ne3 Nh5 17. Bc4 Qc8 18. Nf5 Nf4 19. Qe3 Bf8 20. Bg3
Nh5 21. N3h4 Na5 22. Bd5 Bxd5 23. Rxd5 Kh7 24. Qe2 Nxg3 25. hxg3 Qe6 26.
Red1 g6 27. Ne3 Nc6 28. Nf3 Qf6 29. Ng4 Qg7 30. Qb5 Rac8 31. Rd7 Kg8 32.
Qc4 h5 33. Ne3 Re7 34. Ng5 Qf6 35. Nf3 Rxd7 36. Rxd7 Rd8 37. Rxd8 Qxd8 38.
Qd5 Qc7 39. Nc4 1/2-1/2

[Event "14th HZ Open"]
[Site "Vlissingen NED"]
[Date "2010.08.07"]
[Round "1"]
[White "Gryson,W"]
[Black "Rademakers,Steven"]
[Result "1-0"]
[WhiteElo "2223"]
[BlackElo "1835"]
[EventDate "2010.08.07"]

1. d4 Nf6 2. Nf3 g6 3. c4 Bg7 4. Nc3 O-O 5. Bf4 d6 6. e3 c5 7. Be2 Nh5 8.
Bg5 Nc6 9. d5 Na5 10. e4 a6 11. Qd2 Re8 12. O-O Bd7 13. Ne1 Nf6 14. f4 Bg4
15. Bd3 h6 16. Bh4 Rb8 17. h3 Bd7 18. e5 dxe5 19. fxe5 Nh7 20. e6 fxe6 21.
Bxg6 Rf8 22. Nf3 Nf6 23. Ne5 exd5 24. Nxd5 Be6 25. Rad1 b6 26. Qc2 Bxd5 27.
cxd5 Nb7 28. Nc6 Qd6 29. Nxb8 Rxb8 30. Bxf6 Bxf6 31. Qf5 Nd8 32. Qh5 Bg7
33. b3 b5 34. Be4 Qe5 35. Qg6 1-0

[Event "14th HZ Open"]
[Site "Vlissingen NED"]
[Date "2010.08.07"]
[Round "1"]
[White "Nabuurs,J"]
[Black "Van Herck,Rob"]
[Result "1-0"]
[WhiteElo "2222"]
[BlackElo "1823"]
[EventDate "2010.08.07"]

1. e4 d5 2. exd5 Nf6 3. Nf3 Nxd5 4. d4 g6 5. c4 Nb6 6. h3 Bg7 7. Be2 O-O 8.
Nc3 Nc6 9. Be3 e5 10. d5 Ne7 11. O-O Nf5 12. Bg5 Qe8 13. c5 Nd7 14. Nb5 f6
15. Nxc7 Qd8 16. Ne6 Qa5 17. Bd2 1-0

[Event "14th HZ Open"]
[Site "Vlissingen NED"]
[Date "2010.08.07"]
[Round "1"]
[White "Baete,G"]
[Black "Admiraal,M"]
[Result "0-1"]
[WhiteElo "1820"]
[BlackElo "2221"]
[EventDate "2010.08.07"]

1. d4 d5 2. Nf3 e6 3. e3 Nf6 4. Bd3 c5 5. b3 b6 6. O-O Bd6 7. Bb2 O-O 8.
Nbd2 Bb7 9. Ne5 Ne4 10. f4 f6 11. Nef3 Nd7 12. Qe2 Qc7 13. c4 Rae8 14. Rac1
Re7 15. Nb1 Qb8 16. Qc2 g6 17. Nbd2 Nxd2 18. Qxd2 e5 19. Ne1 cxd4 20. fxe5
dxe3 21. Qxe3 Nxe5 22. Bxe5 Rxe5 23. Qh3 Rh5 24. Qe6+ Kg7 25. h3 Bc5+ 26.
Kh1 Bc8 0-1

[Event "14th HZ Open"]
[Site "Vlissingen NED"]
[Date "2010.08.07"]
[Round "1"]
[White "Leenaerts,R"]
[Black "Van Haaften,Adriaan"]
[Result "1-0"]
[WhiteElo "2219"]
[BlackElo "1820"]
[EventDate "2010.08.07"]

1. e4 c5 2. Nf3 Nc6 3. d4 cxd4 4. Nxd4 g6 5. Nc3 Bg7 6. Be3 d6 7. Be2 Nf6
8. O-O O-O 9. f4 Bd7 10. Bf3 Qa5 11. Nb3 Qd8 12. Qe2 Qc8 13. h3 h5 14. Rad1
Be6 15. Nd5 Re8 16. c4 Nd7 17. Rc1 b6 18. Qf2 Nc5 19. Nxc5 dxc5 20. f5 Bxd5
21. exd5 Nd4 22. fxg6 Rf8 23. Qd2 Nf5 24. Bf4 Qd7 25. g4 hxg4 26. hxg4 Nh4
27. Qe2 Rad8 28. Bg5 Bd4+ 29. Kh1 1-0

[Event "14th HZ Open"]
[Site "Vlissingen NED"]
[Date "2010.08.07"]
[Round "1"]
[White "Snikkers,N"]
[Black "In 't Veld,D"]
[Result "0-1"]
[WhiteElo "1811"]
[BlackElo "2205"]
[EventDate "2010.08.07"]

1. c4 c5 2. Nc3 Nf6 3. g3 d5 4. cxd5 Nxd5 5. Bg2 Nc7 6. d3 e5 7. Nf3 Nc6 8.
O-O Be7 9. b3 O-O 10. Bb2 Be6 11. Rc1 f6 12. Nd2 Qd7 13. Re1 Rac8 14. a3 b6
15. Rb1 Rfd8 16. Ba1 Bf8 17. Nde4 Na6 18. h4 Nd4 19. Na2 b5 20. Bc3 Qf7 21.
Nd2 Rd7 22. Nc1 Nc6 23. Ne4 h6 24. Qc2 Bd5 25. Bh3 Be6 26. Bg2 Rdc7 27. Qd1
Nd4 28. Ba5 Rd7 29. Bc3 Nc7 30. Nd2 Nd5 31. Bb2 Qg6 32. Nf3 Nf4 33. Nxd4
exd4 34. e3 Nxg2 35. Kxg2 dxe3 36. Rxe3 Qf5 37. Qf1 c4 38. Ne2 Rxd3 39.
Rxd3 cxd3 40. Nd4 Qd5+ 41. Kg1 Bf5 42. Nxf5 Qxf5 43. Rd1 Rc2 44. Bd4 Re2
45. b4 a6 46. Be3 Bd6 47. Qg2 Kh7 48. Kh2 Ra2 49. Qc6 Be5 50. Qg2 Qg4 51.
Rxd3 Qxh4+ 52. Qh3 Bxg3+ 53. Kg2 Qe4+ 54. Kxg3 Qxd3 55. Qe6 Ra1 56. Kg2 Rd1
57. Kf3 Qd5+ 58. Qxd5 Rxd5 59. Kg2 Rd1 0-1

[Event "14th HZ Open"]
[Site "Vlissingen NED"]
[Date "2010.08.07"]
[Round "1"]
[White "Kuling,L"]
[Black "Haslinger,S"]
[Result "1-0"]
[WhiteElo "2208"]
[BlackElo "2552"]
[EventDate "2010.08.07"]

1. e4 g6 2. d4 c6 3. Nf3 d5 4. exd5 cxd5 5. Bd3 Bg7 6. O-O Nf6 7. Re1 Nc6
8. c3 O-O 9. Nbd2 Re8 10. Ne5 Be6 11. Ndf3 Nxe5 12. dxe5 Ne4 13. Nd4 Nc5
14. Bc2 Qb6 15. Rb1 Rad8 16. Qf3 Bc8 17. Qg3 Ne6 18. Be3 Nxd4 19. Bxd4 Qc7
20. h4 a6 21. h5 e6 22. Re3 Rf8 23. Rf3 Bd7 24. Re1 Be8 25. Qh3 Rc8 26.
hxg6 fxg6 27. Qxe6+ Bf7 28. Qh3 Rce8 29. e6 Kh8 30. Rxf7 Rxf7 31. Bxg6 Bxd4
32. Bxf7 Qxf7 33. exf7 Rxe1+ 34. Kh2 Be5+ 35. g3 Kg7 36. Qf5 1-0

[Event "14th HZ Open"]
[Site "Vlissingen NED"]
[Date "2010.08.08"]
[Round "2"]
[White "Fedorchuk,S"]
[Black "Rosmuller,A"]
[Result "1-0"]
[WhiteElo "2665"]
[BlackElo "2117"]
[EventDate "2010.08.07"]

1. e4 c6 2. d4 d5 3. Nd2 dxe4 4. Nxe4 Bf5 5. Ng3 Bg6 6. Nh3 e6 7. Nf4 Bd6
8. c3 Nf6 9. h4 Bxf4 10. Bxf4 h6 11. h5 Bh7 12. Qb3 Qb6 13. Qa3 Nbd7 14.
Bd6 e5 15. Be2 exd4 16. cxd4 Qxd4 17. O-O O-O-O 18. Rac1 Nb6 19. Rfd1 Rxd6
20. Rxd4 Rxd4 21. Qxa7 Kc7 22. Qa3 Rhd8 23. b4 Nfd5 24. b5 Rb4 25. Nf1 g5
26. Ne3 Nf4 27. Bf1 Ra4 28. Qe7+ Nd7 29. bxc6 bxc6 30. Bb5 1-0

[Event "14th HZ Open"]
[Site "Vlissingen NED"]
[Date "2010.08.08"]
[Round "2"]
[White "Arp,F"]
[Black "L'Ami,E"]
[Result "0-1"]
[WhiteElo "2120"]
[BlackElo "2620"]
[EventDate "2010.08.07"]

1. e4 c5 2. Nf3 d6 3. d4 cxd4 4. Nxd4 Nf6 5. Nc3 a6 6. Bg5 Nbd7 7. f4 Qc7
8. Qf3 h6 9. Bxf6 Nxf6 10. h3 e6 11. O-O-O b5 12. Bd3 Bb7 13. g4 Be7 14. g5
hxg5 15. fxg5 Nd7 16. g6 Bg5+ 17. Kb1 Ne5 18. gxf7+ Qxf7 19. Qg2 Bf6 20.
Bxb5+ axb5 21. Ndxb5 O-O 22. Nxd6 Qc7 23. Ndb5 Qa5 24. Rhg1 Bc6 25. Rdf1
Qd8 26. Rd1 Qe7 27. Nd4 Rfb8 28. Qe2 Rxb2+ 0-1

[Event "14th HZ Open"]
[Site "Vlissingen NED"]
[Date "2010.08.08"]
[Round "2"]
[White "Erdos,V"]
[Black "Van de Wynkele,E"]
[Result "1-0"]
[WhiteElo "2592"]
[BlackElo "2113"]
[EventDate "2010.08.07"]

1. d4 f5 2. g3 Nf6 3. Bg2 g6 4. Nf3 Bg7 5. O-O c6 6. c4 O-O 7. Nc3 Qe8 8.
Rb1 d6 9. d5 Na6 10. b4 Bd7 11. dxc6 bxc6 12. a3 Nc7 13. Bb2 a5 14. c5 axb4
15. axb4 dxc5 16. bxc5 Ne6 17. Na4 Ra5 18. Qc2 Qa8 19. Ra1 Qa7 20. Nb6 Be8
21. Ne5 Rxa1 22. Rxa1 Qc7 23. Qc4 Bf7 24. Nxf7 Kxf7 25. e4 Ne8 26. exf5
gxf5 27. Re1 Bxb2 28. Rxe6 Kg7 29. Bxc6 Nf6 30. Qe2 Kf7 31. Qxb2 Kxe6 32.
Qb3+ Ke5 33. Qc3+ Ke6 34. Qc4+ Ke5 35. Qf4+ 1-0

[Event "14th HZ Open"]
[Site "Vlissingen NED"]
[Date "2010.08.08"]
[Round "2"]
[White "Stange,S"]
[Black "Van den Doel,E"]
[Result "0-1"]
[WhiteElo "2116"]
[BlackElo "2591"]
[EventDate "2010.08.07"]

1. d4 Nf6 2. c4 e6 3. Nf3 b6 4. g3 Ba6 5. b3 d5 6. Bg2 Bb4+ 7. Bd2 Be7 8.
Ne5 Bb7 9. O-O O-O 10. Bc3 Nbd7 11. Qc2 c5 12. e3 cxd4 13. Bxd4 Qc7 14. Qb2
dxc4 15. Bxb7 Qxb7 16. Nxc4 b5 17. Ne5 Nxe5 18. Bxe5 Rfd8 19. a4 Ng4 20.
Bd4 e5 21. Qe2 exd4 22. Qxg4 dxe3 23. fxe3 bxa4 0-1

[Event "14th HZ Open"]
[Site "Vlissingen NED"]
[Date "2010.08.08"]
[Round "2"]
[White "Nijboer,F"]
[Black "In 't Veld,R"]
[Result "1-0"]
[WhiteElo "2582"]
[BlackElo "2097"]
[EventDate "2010.08.07"]

1. e4 e5 2. Nf3 Nc6 3. Bb5 a6 4. Ba4 Nf6 5. O-O b5 6. Bb3 Be7 7. d4 d6 8.
c3 O-O 9. h3 Bd7 10. Re1 Qc8 11. Nbd2 Rd8 12. Nf1 exd4 13. cxd4 a5 14. Ng3
a4 15. Bc2 Nb4 16. Bb1 c5 17. a3 Nc6 18. d5 Na5 19. Bc2 Qb7 20. Bf4 Nc4 21.
Rb1 b4 22. Qe2 Bb5 23. Bd3 Qa6 24. axb4 Na3 25. Bxb5 Nxb5 26. Nf5 Re8 27.
bxc5 dxc5 28. Qc4 Bf8 29. e5 Nh5 30. Bh2 g6 31. Ne3 Ng7 32. Ng4 Red8 33.
Nh6+ 1-0

[Event "14th HZ Open"]
[Site "Vlissingen NED"]
[Date "2010.08.08"]
[Round "2"]
[White "Foo,Be"]
[Black "Ikonnikov,Vy"]
[Result "0-1"]
[WhiteElo "2112"]
[BlackElo "2578"]
[EventDate "2010.08.07"]

1. e4 c5 2. Nf3 Nc6 3. d4 cxd4 4. Nxd4 e5 5. Nb5 d6 6. N1c3 a6 7. Na3 Be7
8. Nc4 b5 9. Ne3 Nf6 10. g3 O-O 11. Bg2 b4 12. Ncd5 Nxd5 13. Nxd5 Bg5 14.
O-O Bxc1 15. Rxc1 Be6 16. f4 f6 17. c3 Rb8 18. Qa4 Bxd5 19. exd5 Qb6+ 20.
Rf2 Ne7 21. Qd7 Rf7 22. cxb4 exf4 23. gxf4 Qxb4 24. Rc7 Rbf8 25. Qe6 Ng6
26. a3 Qd4 27. Qxd6 Re8 28. Rc1 Re2 29. Qc5 Qxb2 30. Rxe2 Qxe2 31. Qd4 Nh4
32. Qe4 Re7 33. Qxe2 Rxe2 34. Bh3 f5 35. Rd1 Kf8 36. Rd3 Ke7 37. Bf1 Re4
38. Rg3 g6 39. Bxa6 Rxf4 40. Bb5 Kd6 41. Rd3 Nf3+ 42. Kg2 Ne1+ 0-1

[Event "14th HZ Open"]
[Site "Vlissingen NED"]
[Date "2010.08.08"]
[Round "2"]
[White "Haslinger,S"]
[Black "Koch,Ma"]
[Result "1-0"]
[WhiteElo "2552"]
[BlackElo "2081"]
[EventDate "2010.08.07"]

1. e4 c5 2. Nf3 d6 3. d4 cxd4 4. Nxd4 Nf6 5. Nc3 a6 6. h3 e6 7. g4 b5 8.
Bg2 Bb7 9. O-O Nfd7 10. a4 b4 11. Na2 Nc5 12. Re1 Qb6 13. c3 bxc3 14. b4
Ncd7 15. Be3 Qd8 16. Nxc3 Be7 17. f4 O-O 18. Rc1 Nb6 19. Qb3 Nc6 20. Red1
Nxd4 21. Bxd4 Rc8 22. a5 Nd7 23. Qb2 Rc7 24. Bxg7 Kxg7 25. Nd5+ Bf6 26.
Nxf6 Nxf6 27. Rxc7 Qxc7 28. g5 e5 29. gxf6+ Kxf6 30. Qf2 Kg7 31. fxe5 dxe5
32. Qf5 Qe7 33. Rd7 Qxb4 34. Qxe5+ Kg8 35. Kh2 Bc8 36. Rd3 f6 37. Qc7 1-0

[Event "14th HZ Open"]
[Site "Vlissingen NED"]
[Date "2010.08.08"]
[Round "2"]
[White "Van Overdam,Ju"]
[Black "Hoffmann,Micha1"]
[Result "0-1"]
[WhiteElo "2102"]
[BlackElo "2517"]
[EventDate "2010.08.07"]

1. e4 c5 2. Nc3 e6 3. f4 d5 4. Nf3 dxe4 5. Nxe4 Nc6 6. g3 Nf6 7. Nxf6+ Qxf6
8. Bg2 g6 9. O-O Bg7 10. d3 O-O 11. c3 Rb8 12. Ng5 Qe7 13. Be3 Bd7 14. Qe2
b6 15. Rae1 Rbd8 16. h4 Nb8 17. h5 Bb5 18. c4 Bc6 19. hxg6 hxg6 20. Bh3
Rfe8 21. Bg4 Nd7 22. Bf3 Bxf3 23. Rxf3 Nf8 24. Bf2 Rd7 25. g4 Red8 26. Bh4
Bf6 27. Rh3 Rd4 28. Qf3 Rxd3 29. Qxd3 Rxd3 30. Rxd3 Nh7 31. Red1 Nxg5 32.
fxg5 Bxg5 33. Bg3 e5 34. Re1 e4 35. Rd5 Bf6 36. b3 Qe6 37. g5 Qh3 38. gxf6
Qxg3+ 39. Kf1 Qf3+ 40. Kg1 e3 41. Rdd1 Qf2+ 42. Kh1 e2 43. Rb1 Kh7 0-1

[Event "14th HZ Open"]
[Site "Vlissingen NED"]
[Date "2010.08.08"]
[Round "2"]
[White "Brandenburg,D"]
[Black "Bottema,M"]
[Result "1/2-1/2"]
[WhiteElo "2514"]
[BlackElo "2076"]
[EventDate "2010.08.07"]

1. e4 e5 2. Nf3 Nc6 3. Bc4 Bc5 4. c3 Nf6 5. d3 a6 6. Bb3 d6 7. h3 Ba7 8.
O-O h6 9. Nbd2 O-O 10. Re1 Be6 11. Nf1 Qd7 12. Ng3 Rfe8 13. Bc2 d5 14. Qe2
dxe4 15. dxe4 Rad8 16. Kh2 b5 17. Nh4 Ne7 18. a4 Bb6 19. Rd1 Qc6 20. axb5
axb5 21. Qf3 Rxd1 22. Bxd1 Bc8 23. Bb3 Be6 24. Bc2 Bd7 25. Bd3 Qd6 26. Be2
Qc6 27. Bd2 Ng6 28. Nxg6 fxg6 29. Rf1 Rf8 30. Qd3 Ne8 31. f4 exf4 32. Bxf4
g5 33. Be5 Rxf1 34. Bxf1 Qe6 35. Qd5 c6 36. Qxe6+ Bxe6 37. Nf5 Bxf5 38.
exf5 Bc7 39. Bxc7 Nxc7 40. Kg3 Kf7 41. Kf3 Ke7 42. Ke4 Nd5 43. Kd4 Kd6 44.
b4 Nf6 45. Be2 Nd7 46. Bf3 Nf6 47. g3 Nd7 48. h4 gxh4 49. gxh4 Ne5 50. Bg2
Nd7 51. h5 Nf6 52. Bf3 Nd7 53. Ke4 Ne5 54. f6 gxf6 55. Bg2 Ke6 56. Bh3+ Ke7
57. Kf5 Kf7 58. Bg2 Ke7 59. Be4 Kf7 60. Bc2 Ke7 61. Bb3 Nd3 62. Kg6 c5 63.
bxc5 Nxc5 64. Bd5 Kd6 65. Bf3 Ne6 66. Kxh6 Nf4 67. Kg7 Nxh5+ 68. Bxh5 Kc5
69. Kxf6 Kc4 1/2-1/2

[Event "14th HZ Open"]
[Site "Vlissingen NED"]
[Date "2010.08.08"]
[Round "2"]
[White "Eng,A"]
[Black "Henrichs,T"]
[Result "0-1"]
[WhiteElo "2086"]
[BlackElo "2490"]
[EventDate "2010.08.07"]

1. e4 c5 2. Nf3 d6 3. d4 cxd4 4. Nxd4 Nf6 5. Nc3 a6 6. Be2 e6 7. O-O Be7 8.
Kh1 O-O 9. f4 Qc7 10. Be3 b5 11. Bf3 Bb7 12. e5 dxe5 13. fxe5 Nfd7 14. Bf4
Nc6 15. Nxc6 Bxc6 16. Bxc6 Qxc6 17. Qg4 Qc4 18. Qg3 f5 19. exf6 Bxf6 20.
Bd6 Be5 21. Qe1 Bxd6 0-1

[Event "14th HZ Open"]
[Site "Vlissingen NED"]
[Date "2010.08.08"]
[Round "2"]
[White "Zaragatski,I"]
[Black "Stange,W"]
[Result "1-0"]
[WhiteElo "2472"]
[BlackElo "2072"]
[EventDate "2010.08.07"]

1. Nf3 Nf6 2. g3 g6 3. b3 Bg7 4. Bb2 O-O 5. Bg2 d6 6. d4 c5 7. O-O Nc6 8.
d5 Na5 9. Re1 Rb8 10. a4 a6 11. e4 Re8 12. e5 Ng4 13. Nbd2 b6 14. h3 Nxe5
15. Nxe5 dxe5 16. Bxe5 Bxe5 17. Rxe5 Nb7 18. Qe2 Nd6 19. Re1 Nf5 20. g4 f6
21. Re4 Nd4 22. Qd1 Bb7 23. c3 Bxd5 24. cxd4 Bxe4 25. Bxe4 Qxd4 26. Qc2 Kg7
27. Bc6 e5 28. Bxe8 Rxe8 29. Nc4 b5 30. axb5 axb5 31. Rd1 Qf4 32. Nd6 Re7
33. Qxc5 1-0

[Event "14th HZ Open"]
[Site "Vlissingen NED"]
[Date "2010.08.08"]
[Round "2"]
[White "Bosboom,M"]
[Black "Van Eijndhoven,E"]
[Result "1-0"]
[WhiteElo "2455"]
[BlackElo "2063"]
[EventDate "2010.08.07"]

1. c4 Nf6 2. Nf3 g6 3. b3 Bg7 4. Bb2 O-O 5. d3 d6 6. Nbd2 c5 7. Qc2 Nc6 8.
a3 a6 9. e3 b5 10. Be2 Bb7 11. Rg1 Ng4 12. Bxg7 Kxg7 13. Ng5 Nf6 14. Qb2 h6
15. Ngf3 Rb8 16. g4 bxc4 17. dxc4 a5 18. h4 e5 19. Bd3 h5 20. gxh5 Nxh5 21.
Ng5 Ne7 22. f4 Nf6 23. O-O-O a4 24. h5 Nxh5 25. fxe5 dxe5 26. Qxe5+ Kg8 27.
Be2 axb3 28. Kb2 Nc6 29. Qc3 1-0

[Event "14th HZ Open"]
[Site "Vlissingen NED"]
[Date "2010.08.08"]
[Round "2"]
[White "Willemsma,A"]
[Black "Burg,T"]
[Result "0-1"]
[WhiteElo "2075"]
[BlackElo "2449"]
[EventDate "2010.08.07"]

1. e4 c5 2. Nf3 d6 3. d4 cxd4 4. Nxd4 Nf6 5. Nc3 a6 6. Bc4 e6 7. Bb3 Nbd7
8. Bg5 Qb6 9. Qd2 Be7 10. O-O-O Nc5 11. Rhe1 O-O 12. f4 h6 13. Bxf6 Bxf6
14. g4 Bd7 15. g5 hxg5 16. fxg5 Be7 17. Nf5 exf5 18. exf5 Nxb3+ 19. axb3
Rfe8 20. Nd5 Qd8 21. f6 Bf8 22. fxg7 Bxg7 23. Rf1 Re6 24. Qf4 Qf8 25. Kb1
Rg6 26. h4 Be5 27. Qd2 Bg4 28. Rde1 Re8 29. Qb4 Be6 30. Nf6+ Bxf6 31. gxf6
Bh3 32. h5 Rg4 33. Rg1 Rxe1+ 34. Qxe1 Rxg1 35. Qxg1+ Kh7 36. Qd4 Qc8 37.
Qxd6 Bf5 38. Qd2 Qxc2+ 39. Qxc2 Bxc2+ 40. Kxc2 Kh6 41. Kd3 Kxh5 0-1

[Event "14th HZ Open"]
[Site "Vlissingen NED"]
[Date "2010.08.08"]
[Round "2"]
[White "Kohlweyer,B"]
[Black "Reyniers,P"]
[Result "1-0"]
[WhiteElo "2436"]
[BlackElo "2055"]
[EventDate "2010.08.07"]

1. d4 d5 2. c4 c6 3. Nf3 Nf6 4. e3 a6 5. Bd3 Bg4 6. Nbd2 e6 7. Qc2 Nbd7 8.
b3 Bd6 9. Bb2 O-O 10. Ne5 Bh5 11. O-O Qc7 12. f4 Rac8 13. c5 Be7 14. h3
Rfe8 15. g4 Bg6 16. Nxg6 hxg6 17. Nf3 b6 18. b4 a5 19. a3 Rb8 20. Bc3 axb4
21. axb4 Ra8 22. g5 Nh5 23. Kg2 Kh7 24. h4 bxc5 25. bxc5 Reb8 26. Ra2 Rxa2
27. Qxa2 Rb7 28. Rb1 Ra7 29. Qc2 Bd8 30. Qd2 Ra4 31. Ra1 Rxa1 32. Bxa1 Qa7
33. Bc3 Bc7 34. Kf2 Qa4 35. Bb1 Qb3 36. Qc2 Qc4 37. Nd2 Qa6 38. Kf3 Kg8 39.
Qa2 Qb7 40. Bd3 Nb8 41. Qa4 Kf8 42. Nb3 Ke8 43. Qb4 Qa7 44. Na5 Bxa5 45.
Qxa5 Qxa5 46. Bxa5 Kd7 47. Be1 Kc8 48. e4 Kb7 49. Ke3 Na6 50. exd5 exd5 51.
Be2 Nc7 52. f5 Kc8 53. Bg4 Kd8 54. fxg6 fxg6 55. Ba5 Ng3 56. Kf4 Nh5+ 57.
Bxh5 gxh5 58. Kf5 1-0

[Event "14th HZ Open"]
[Site "Vlissingen NED"]
[Date "2010.08.08"]
[Round "2"]
[White "Bitalzadeh,A"]
[Black "Oud,N"]
[Result "1-0"]
[WhiteElo "2415"]
[BlackElo "2049"]
[EventDate "2010.08.07"]

1. c4 Nf6 2. Nc3 e6 3. e4 d5 4. e5 Nfd7 5. d4 dxc4 6. Bxc4 Nb6 7. Nf3 Nxc4
8. Qa4+ Nd7 9. Qxc4 Nb6 10. Qe2 Be7 11. O-O O-O 12. Rd1 Nd5 13. Ne4 Bd7 14.
a4 a5 15. Ne1 Bc6 16. Qg4 Kh8 17. Ng5 h6 18. Ngf3 Qd7 19. Qh5 Bxa4 20. Bxh6
Bxd1 21. Rxd1 gxh6 22. Qxh6+ Kg8 23. Rd3 Qd8 24. Nd2 Bh4 25. Rh3 Qg5 26.
Rg3 Qxg3 27. hxg3 Be7 28. Ne4 f6 29. Qg6+ Kh8 30. Nf3 Ra6 31. exf6 Bxf6 32.
Nfg5 1-0

[Event "14th HZ Open"]
[Site "Vlissingen NED"]
[Date "2010.08.08"]
[Round "2"]
[White "Hortensius,L"]
[Black "Leenhouts,K"]
[Result "1-0"]
[WhiteElo "2058"]
[BlackElo "2407"]
[EventDate "2010.08.07"]

1. e4 g6 2. d4 Bg7 3. Nc3 c6 4. f4 d5 5. e5 Nh6 6. Be3 f6 7. h3 Qb6 8. Na4
Qa5+ 9. c3 Nd7 10. b4 Qc7 11. Nf3 Nf5 12. Bf2 fxe5 13. dxe5 O-O 14. Bd3 e6
15. O-O Bh6 16. g4 Ne7 17. Nd4 Nb6 18. Nc5 Bxf4 19. Ncxe6 Bxe6 20. Nxe6
Qxe5 21. Nxf8 Rxf8 22. Qe1 Nd7 23. Qxe5 Nxe5 24. Bc2 b6 25. Bd4 Nc4 26.
Rae1 Nc8 27. Rf2 Bd6 28. Rxf8+ Kxf8 29. Ba4 Ne7 30. Rf1+ Ke8 31. Bg7 Be5
32. Rf8+ Kd7 33. Bxe5 Nxe5 34. Rh8 b5 35. Bc2 d4 36. cxd4 Nf3+ 37. Kf2 Nxd4
38. Bd1 Kd6 39. Rxh7 a6 40. h4 Nd5 41. a3 Ke5 42. h5 gxh5 43. gxh5 Nf6 44.
Rg7 Nf5 45. Rc7 Ne4+ 46. Ke1 Kd6 47. Rf7 Nh6 48. Rh7 Ng8 49. Rg7 Nef6 50.
Bb3 Ne7 51. h6 Nf5 52. h7 Nxh7 53. Rxh7 Nd4 54. Bd1 Ne6 55. Rh6 Ke5 56.
Rxe6+ Kxe6 57. Kd2 Kd6 58. Kc3 c5 59. Bf3 a5 60. bxa5 Kc7 61. Be4 Kd7 62.
a6 Kc7 63. a7 1-0

[Event "14th HZ Open"]
[Site "Vlissingen NED"]
[Date "2010.08.08"]
[Round "2"]
[White "Roeder,M"]
[Black "Van Rij,G"]
[Result "1-0"]
[WhiteElo "2392"]
[BlackElo "2043"]
[EventDate "2010.08.07"]

1. Nf3 f5 2. c4 Nf6 3. g3 g6 4. Bg2 Bg7 5. O-O O-O 6. Nc3 d6 7. d4 c6 8.
Rb1 Ne4 9. Nxe4 fxe4 10. Nd2 d5 11. e3 Be6 12. b4 b5 13. cxb5 cxb5 14. Nb3
Nd7 15. Nc5 Bf7 16. Qe2 a6 17. a4 Nxc5 18. bxc5 Be8 19. Qa2 Kh8 20. f3 exf3
21. Rxf3 Rxf3 22. Bxf3 Bc6 23. Bd2 Qd7 24. axb5 axb5 25. Qb3 Qe6 26. Kg2
Qf5 27. g4 Qd7 28. h3 Bf6 29. Be1 e6 30. Bg3 Kg7 31. h4 h6 32. Be2 Ra7 33.
Bxb5 Rb7 34. Bxc6 Rxb3 35. Bxd7 Rxb1 36. c6 Bd8 37. Bxe6 Rb5 38. g5 hxg5
39. hxg5 Kf8 40. c7 Bxc7 41. Bxc7 Ke7 42. Bg4 1-0

[Event "14th HZ Open"]
[Site "Vlissingen NED"]
[Date "2010.08.08"]
[Round "2"]
[White "Zilverberg,J"]
[Black "Tan,Mat"]
[Result "0-1"]
[WhiteElo "2051"]
[BlackElo "2381"]
[EventDate "2010.08.07"]

1. g3 e5 2. c4 Nf6 3. Bg2 c6 4. d4 exd4 5. Qxd4 d5 6. Nc3 dxc4 7. Qxd8+
Kxd8 8. Nf3 Be6 9. O-O Nbd7 10. Rd1 a5 11. Ng5 Bc5 12. Bf4 h6 13. Nge4 Nxe4
14. Nxe4 Be7 15. Rac1 Kc8 16. Bd6 Re8 17. e3 f5 18. Bxe7 fxe4 19. Ba3 b5
20. Bxe4 b4 21. Bxc6 Ra7 22. Bb5 bxa3 23. b3 c3 24. Rxc3+ Rc7 25. Rcd3 Re7
26. Rd6 Bg4 27. R1d2 Bf3 28. Be2 Ne5 29. Rb6 Rc1+ 30. Bf1 Be4 0-1

[Event "14th HZ Open"]
[Site "Vlissingen NED"]
[Date "2010.08.08"]
[Round "2"]
[White "Michalczak,T"]
[Black "Van Overdam,Ja"]
[Result "1-0"]
[WhiteElo "2367"]
[BlackElo "2037"]
[EventDate "2010.08.07"]

1. e4 c5 2. c3 g6 3. d4 cxd4 4. cxd4 d5 5. e5 Nc6 6. Nc3 f6 7. f4 Be6 8. h3
Bg7 9. Nf3 Nh6 10. g4 O-O 11. Bg2 Qd7 12. O-O Rab8 13. Be3 Rfc8 14. Qd2 f5
15. Ng5 Rd8 16. Nxe6 Qxe6 17. g5 Nf7 18. Bf3 Rd7 19. Qg2 Rbd8 20. h4 Nh8
21. Rac1 b6 22. Rf2 Na5 23. b3 Qf7 24. Rfc2 e6 25. Be2 Rc7 26. Ba6 Bf8 27.
Nb5 Rxc2 28. Rxc2 Nb7 29. Bc1 Rd7 30. Rc8 Nd8 31. Qc2 Kg7 32. Nc7 Bc5 33.
Nb5 Bf8 34. Kg2 h5 35. Bd2 Be7 36. a4 Bf8 37. Nc7 Bc5 38. dxc5 Rxc7 39.
Rxd8 Rxc5 40. Qxc5 bxc5 41. Bc8 Qe7 42. Rd7 Kf8 43. Rxe7 Kxe7 44. Ba5 Nf7
45. Kf3 1-0

[Event "14th HZ Open"]
[Site "Vlissingen NED"]
[Date "2010.08.08"]
[Round "2"]
[White "Rademakers,M"]
[Black "Zelbel,P"]
[Result "0-1"]
[WhiteElo "2041"]
[BlackElo "2345"]
[EventDate "2010.08.07"]

1. d4 Nf6 2. c4 c5 3. d5 e6 4. Nc3 exd5 5. cxd5 d6 6. e4 g6 7. Nf3 Bg7 8.
Bc4 Bg4 9. Bf4 O-O 10. O-O a6 11. a4 Ne8 12. h3 Bxf3 13. Qxf3 Nd7 14. Qg3
Ne5 15. Be2 f5 16. exf5 Rxf5 17. Bg4 Rf8 18. Be6+ Kh8 19. Ne4 Nf6 20. Bxe5
Nxe4 21. Bxg7+ Kxg7 22. Qe3 Ng5 23. Rae1 Qf6 24. Qb3 Rab8 25. Qg3 Qf4 26.
Qc3+ Kh6 27. a5 Ne4 28. Qa3 Nd2 29. g3 Qf3 30. Qa4 Nxf1 31. Rxf1 Qf6 32. f4
Qd4+ 33. Qxd4 cxd4 34. Rd1 b6 35. Rxd4 bxa5 0-1

[Event "14th HZ Open"]
[Site "Vlissingen NED"]
[Date "2010.08.08"]
[Round "2"]
[White "Lukas,M"]
[Black "Van Eijk,S"]
[Result "0-1"]
[WhiteElo "2035"]
[BlackElo "2322"]
[EventDate "2010.08.07"]

1. e4 c5 2. d4 cxd4 3. c3 g6 4. cxd4 d5 5. exd5 Nf6 6. Nc3 Nxd5 7. Bc4 Nb6
8. Bb3 Bg7 9. Nf3 O-O 10. h3 Nc6 11. Be3 Na5 12. Bc2 Nd5 13. Bg5 Be6 14.
Ne4 Nb4 15. Bb1 Bc4 16. Nc3 Rc8 17. Qd2 Ba6 18. Ne2 Nbc6 0-1

[Event "14th HZ Open"]
[Site "Vlissingen NED"]
[Date "2010.08.08"]
[Round "2"]
[White "Freeke,M"]
[Black "Van Midde,J"]
[Result "1-0"]
[WhiteElo "2315"]
[BlackElo "2022"]
[EventDate "2010.08.07"]

1. d4 f5 2. Nc3 Nf6 3. Bg5 Nc6 4. Bxf6 exf6 5. e3 d6 6. Nh3 Bd7 7. Nf4 Ne7
8. Bd3 c6 9. Qf3 d5 10. O-O-O Qa5 11. h3 O-O-O 12. g4 g6 13. Kb1 Kb8 14.
Nce2 Bg7 15. Ng3 c5 16. dxc5 fxg4 17. hxg4 f5 18. gxf5 Qb4 19. c3 Bxc3 20.
Qe2 gxf5 21. a3 Qb3 22. Qc2 Qxc2+ 23. Bxc2 Be5 24. Nxd5 Nxd5 25. Rxd5 Bxg3
26. fxg3 Kc7 27. Rh6 Rde8 28. Rxd7+ Kxd7 29. Ba4+ Kc8 30. Bxe8 Rxe8 31.
Rxh7 Rxe3 32. Rg7 Re2 33. c6 bxc6 34. Rxa7 Rg2 35. Rf7 Rxg3 36. Rxf5 Kc7
37. Ka2 Kb6 38. Rf2 Rh3 39. Rc2 Rg3 40. Rc3 Rg4 41. b4 Rg2+ 42. Kb3 Rg1 43.
Rh3 Rb1+ 44. Ka4 Rg1 45. Rh8 Rg4 46. Rh3 Rg1 47. Kb3 Rb1+ 48. Kc4 Rc1+ 49.
Rc3 Rh1 50. a4 Rh4+ 51. Kb3 Rh5 52. Re3 Rg5 53. Re4 Rg1 54. a5+ Ka6 55. Re8
Rb1+ 56. Kc4 Rc1+ 57. Kd4 Rc2 58. Rb8 Rc1 59. Rb6+ Ka7 60. Kd3 Ka8 61. Kd2
Rc4 62. Kd3 Rc1 63. Kd4 Rc2 64. Ke5 Rc4 65. Kd6 Ka7 66. Kc7 1-0

[Event "14th HZ Open"]
[Site "Vlissingen NED"]
[Date "2010.08.08"]
[Round "2"]
[White "Soubirou,O"]
[Black "Afek,Y"]
[Result "1-0"]
[WhiteElo "2034"]
[BlackElo "2310"]
[EventDate "2010.08.07"]

1. d4 Nf6 2. c4 g6 3. Nc3 Bg7 4. e4 O-O 5. h3 c5 6. d5 d6 7. Bd3 e6 8. Nf3
exd5 9. cxd5 Na6 10. O-O Nc7 11. a4 a6 12. Bg5 Bd7 13. Re1 b5 14. e5 dxe5
15. Nxe5 h6 16. Bh4 g5 17. Bg3 b4 18. Ne4 Ncxd5 19. Nxc5 Bc8 20. Bc4 Be6
21. Nxa6 Qa5 22. Bb5 Rfc8 23. Nc4 Rxc4 24. Bxc4 Rxa6 25. Bxa6 Qxa6 26. Qe2
Qa8 27. a5 Nf4 28. Bxf4 gxf4 29. a6 Qa7 30. Qb5 Nd5 31. Rxe6 fxe6 32. Qe8+
Kh7 33. Qxe6 Nc7 34. Qf5+ Kg8 35. Rd1 Bd4 36. Qg6+ 1-0